| 000 | 01040nam a2200265Ia 4500 | ||
|---|---|---|---|
| 003 | OSt | ||
| 005 | 20221005104415.0 | ||
| 006 | a|||||r|||| 00| 0 | ||
| 007 | ta | ||
| 008 | 221004b |||||||| |||| 00| 0 hin d | ||
| 020 |
_a9788126319480 (hbk) _c250 |
||
| 024 | _a121580 | ||
| 037 |
_b13335, 17/07/2012, Kitab Ghar _cTextual |
||
| 040 |
_aCRL _cCRL _bhin |
||
| 041 |
_2hin _ahin |
||
| 082 | _a4(D65,4), 152Q1 | ||
| 100 | _aकालिया, रविन्द्र, संपा. | ||
| 245 | 0 | _aइलेक्ट्रॉनिक मीडिया की चुनौतियॉं | |
| 246 | _aIlekṭraॉnik mīḍiyā kī chunautiyaॉan | ||
| 260 |
_aदिल्ली _bभारतीय ज्ञानपीठ भारत _c2011 |
||
| 300 |
_a245पृ0 _ccm. |
||
| 650 | _aहिन्दी पत्रकारिता | ||
| 942 |
_h4(D65,4), 152Q1 _cTEXL _2cc |
||
| 999 |
_c1012624 _d1012624 |
||